Violencia contra las mujeres e inseguridad ciudadana en Ciudad Juárez / (Record no. 114422)

MARC details
000 -LEADER
fixed length control field 00799nam a22001937a 4500
005 - DATE AND TIME OF LATEST TRANSACTION
control field 20160311135543.0
008 - FIXED-LENGTH DATA ELEMENTS--GENERAL INFORMATION
fixed length control field 160309b mx||||| |||| 00| 0 spa d
020 ## - INTERNATIONAL STANDARD BOOK NUMBER
International Standard Book Number 9786074790337
050 04 - LIBRARY OF CONGRESS CALL NUMBER
Classification number HV6250.4W65
Item number V56 2010
245 00 - TITLE STATEMENT
Title Violencia contra las mujeres e inseguridad ciudadana en Ciudad Juárez /
Statement of responsibility, etc Julia E. Monárrez Fragoso …[et al] coord.
260 ## - PUBLICATION, DISTRIBUTION, ETC. (IMPRINT)
Place of publication, distribution, etc Tijuana, Baja California :
Name of publisher, distributor, etc El Colegio de la Frontera Norte :
-- Porrúa,
Date of publication, distribution, etc 2010
300 ## - PHYSICAL DESCRIPTION
Extent 584 p. :
Other physical details il. ;
Dimensions 21 cm.
504 ## - BIBLIOGRAPHY, ETC. NOTE
Bibliography, etc Incluye bibliografía e índice
650 04 - SUBJECT ADDED ENTRY--TOPICAL TERM
Topical term or geographic name as entry element Mujeres
General subdivision Violencia contra
Geographic subdivision Chihuahua
-- Ciudad Juárez
650 04 - SUBJECT ADDED ENTRY--TOPICAL TERM
Topical term or geographic name as entry element Asesinato
Geographic subdivision Ciudad Juárez
-- Chihuahua
650 04 - SUBJECT ADDED ENTRY--TOPICAL TERM
Topical term or geographic name as entry element Violencia familiar
Geographic subdivision Ciudad Juárez
-- Chihuahua
700 1# - ADDED ENTRY--PERSONAL NAME
Personal name Monárrez Fragoso, Julia E.,
Relator term edit.
942 ## - ADDED ENTRY ELEMENTS (KOHA)
Source of classification or shelving scheme Biblioteca del Cogreso de los Estados Unidos
Koha item type Libro
Holdings
Estado de pérdida Fuente de clasificación Estado del daño No para préstamo Ubicación permanente Ubicación actual Apartado o colección Fecha de adquisición Fuente de adquisición Edición Enumeración de Serie / Cronológica Dependencia de educación superior (DES) Área del conocimiento Total Checkouts Clasificación Código de Barras Date last seen Date checked out Número de copia Tipo de recurso
  Biblioteca del Cogreso de los Estados Unidos     Biblioteca de la Facultad de Psicología Biblioteca de la Facultad de Psicología General 11/03/2016 Dirección General de Bibliotecas Generico 1a. ed. BFP000011509 Ciencias de la Salud Ciencias de la Salud 2 HV6250.4W65 V56 2010 BFP000011509 20/02/2018 16/02/2018 1 Libro